Guess the country (inventions) - Statistics

General Stats
  • This quiz has been taken 15 times
  • The average score is 13 of 25
Answer Stats
Picture Answer % Correct
SWEDEN
100%
ITALY
93%
DENMARK
86%
SWEDEN
86%
UNITED STATES
86%
FINLAND
79%
IRELAND
79%
SOUTH KOREA
79%
SWITZERLAND
71%
CZECH REPUBLIC
64%
NETHERLANDS
57%
NEW ZEALAND
57%
GERMANY
50%
ITALY
50%
SWITZERLAND
50%
AUSTRIA
43%
ESTONIA
43%
SPAIN
43%
UNITED STATES
43%
GEORGIA
29%
SPAIN
21%
LITHUANIA
14%
IRELAND
7%
NORWAY
7%
POLAND
7%
No matching quizzes found
Score Distribution
Percent of People with Each Score
Percentile by Number Answered
Your Score History
You have not taken this quiz